000 00268nam a22001097a 4500
008 170116b xxu||||| |||| 00| 0 eng d
020 _a9780323030106
041 _aeng
080 _26th
_a618.2
245 _aNURSING THEORISTS AND THEIR WORK
_cTOMEY, A.M
942 _2udc
_cBK
999 _c2931
_d2931